| 000 | 00520nam a22001817a 4500 | ||
|---|---|---|---|
| 005 | 20170417095123.0 | ||
| 010 | _aENG-117821 | ||
| 020 |
_c399.00 _a9789350095683 |
||
| 035 | _aEN-101353 | ||
| 037 | _bDBAD/PUB | ||
| 082 | _aN | ||
| 100 | _aKay, Adity | ||
| 245 |
_aEmperor Chandragupta / _cby Adity Kay |
||
| 260 |
_aGurgaon _bHachette Book Publishing _c2016 |
||
| 270 |
_a4th & 5th Floors, Corporate Center, Plot No. 94, Sector 44 _bGurgaon _e122003 |
||
| 300 |
_axiv,390p. _c21cm(pbk) |
||
| 942 |
_2ddc _cEN _mKAY _hN |
||
| 999 |
_c138904 _d138904 |
||